<?xml version="1.0" encoding="UTF-8"?>
<record
    xmlns:xsi="http://www.w3.org/2001/XMLSchema-instance"
    xsi:schemaLocation="http://www.loc.gov/MARC21/slim http://www.loc.gov/standards/marcxml/schema/MARC21slim.xsd"
    xmlns="http://www.loc.gov/MARC21/slim">

  <leader>00822nam a2200217 i 4500</leader>
  <controlfield tag="001">44822</controlfield>
  <controlfield tag="003">ES-MaACL</controlfield>
  <controlfield tag="005">20250725002246.0</controlfield>
  <controlfield tag="007">t|</controlfield>
  <controlfield tag="008">030324q1955    sp           ||||1| spa d</controlfield>
  <datafield tag="100" ind1="1" ind2=" ">
    <subfield code="a">Cloos, Hans.</subfield>
    <subfield code="9">39281</subfield>
  </datafield>
  <datafield tag="245" ind1="1" ind2="0">
    <subfield code="a">Di&#xE1;logo con la tierra </subfield>
    <subfield code="b">: peregrinaciones de un ge&#xF3;logo por el mundo y por la vida / </subfield>
    <subfield code="c">Hans Cloos ; versi&#xF3;n espa&#xF1;ola por Joaqu&#xED;n G&#xF3;mez de Llarena.</subfield>
  </datafield>
  <datafield tag="260" ind1=" " ind2=" ">
    <subfield code="a">Barcelona, etc. : </subfield>
    <subfield code="b">Labor, </subfield>
    <subfield code="c">[1955?] (</subfield>
    <subfield code="f">Talls. Gr&#xE1;fs. Iberoamericanos)</subfield>
  </datafield>
  <datafield tag="300" ind1=" " ind2=" ">
    <subfield code="a">479 p., 48 l&#xE1;m. : </subfield>
    <subfield code="b">1 retr. aut. ; </subfield>
    <subfield code="c">22 cm.</subfield>
  </datafield>
  <datafield tag="490" ind1="1" ind2=" ">
    <subfield code="a">Colecci&#xF3;n libros de hoy</subfield>
  </datafield>
  <datafield tag="650" ind1="0" ind2="7">
    <subfield code="a">Geomorfolog&#xED;a</subfield>
    <subfield code="2">embne</subfield>
    <subfield code="9">13105</subfield>
  </datafield>
  <datafield tag="700" ind1="1" ind2=" ">
    <subfield code="a">G&#xF3;mez de Llarena, Joaqu&#xED;n (</subfield>
    <subfield code="d">1891-1979)</subfield>
    <subfield code="9">57911</subfield>
  </datafield>
  <datafield tag="830" ind1="0" ind2=" ">
    <subfield code="a">Colecci&#xF3;n libros de hoy</subfield>
    <subfield code="9">182911</subfield>
  </datafield>
  <datafield tag="852" ind1=" " ind2=" ">
    <subfield code="a">ES-MaACL</subfield>
    <subfield code="j">C-9971 </subfield>
    <subfield code="b">R.37815</subfield>
  </datafield>
  <datafield tag="999" ind1=" " ind2=" ">
    <subfield code="c">44822</subfield>
    <subfield code="d">44822</subfield>
  </datafield>
  <datafield tag="952" ind1=" " ind2=" ">
    <subfield code="0">0</subfield>
    <subfield code="1">0</subfield>
    <subfield code="4">0</subfield>
    <subfield code="7">0</subfield>
    <subfield code="a">ATENEOM</subfield>
    <subfield code="b">ATENEOM</subfield>
    <subfield code="c">SPAL</subfield>
    <subfield code="d">2008-01-17</subfield>
    <subfield code="e">SC</subfield>
    <subfield code="l">0</subfield>
    <subfield code="o">C-9971</subfield>
    <subfield code="p">1047172</subfield>
    <subfield code="r">2023-02-23 00:00:00</subfield>
    <subfield code="w">2023-02-23</subfield>
    <subfield code="y">MONOGRAFIA</subfield>
  </datafield>
</record>
